Allgemeinwissen / 16.9.25 - Statistiken

Allgemein
  • Dieses Quiz wurde 125 mal gespielt
  • Das Durchschnittsergebnis liegt bei 3 aus 8
Answers on the Grid
Answers color-coded by a green-red scale on the quiz's grid according to % correct below.
Angela Merkel ist die derzeitige Bundeskanzlerin Deutschlands. ( 2025 )
Friedrich Merz besitzt ein Privatflugzeug und fliegt es selbst.
Donald Trump ist der 42. Präsident der Vereinigten Staaten von Amerika.
Lindt kommt aus der Schweiz, wird aber in China hergestellt.
Das Matterhorn liegt in der Schweiz.
Die Zugspitze liegt in Österreich.
Deutschland ist eines der ärmsten Länder weltweit.
Deutschland hat eine der stärksten Volkswirtschaften Europas.
Großbritannien verfügt über eines der zuverlässigsten Eisenbahnnetze der Welt.
Indien wird 2030 die Olympischen Winterspiele hosten.
OBB steht für Omnibusband.
Nigeria liegt in Asien.
China hat die weltweit größte Bevölkerung.
ChatGPT gilt als intelligenter als Menschen.
Friedrich von Karlsruhe war ein Impressionist.
Ludwig van Beethoven ist einer der berühmtesten ungarischen Komponisten.
Mozart lebte einen Teil seines Lebens in Salzburg.
Airbus produziert nach wie vor das größte Passagierflugzeug der Welt in der Geschichte.
Boeing ist ein indisches Flugzeugunternehmen.
Der Eiffelturm befindet sich gegenüber dem Van-Beethoven-Denkmal in Paris.
UPS hat seine Flugdienste im Jahr 2020 aufgrund der Pandemie eingestellt.
DHL besitzt einige Frachtflugzeuge.
Die Currywurst wurde 2023 zur beliebtesten Wurst Berlins gewählt.
Deutschland besitzt eines der weltweit größten Ölförderunternehmen. Es heißt VitalGas.
Rheinland Neccar air wurde 2020 neu geöffnet
Die Corona-Pandemie begann im Jahr 2019.
Elon Musk ist der reichste Mann der Welt.
Der Buckelwal ist heute ausgestorben.
J.K. Rowling, die Autorin der Harry-Potter-Bücher, verstarb leider am 14.9.25 um 22:10 Uhr an einem Herzinfarkt.
Daniel Craig spielt Lord Voldemort in Harry Potter.
 
Antwortstatistiken
Antwort % Korrekt
Mozart lebte einen Teil seines Lebens in Salzburg.
51%
Das Matterhorn liegt in der Schweiz.
47%
Deutschland hat eine der stärksten Volkswirtschaften Europas.
41%
Elon Musk ist der reichste Mann der Welt.
41%
DHL besitzt einige Frachtflugzeuge.
36%
Die Corona-Pandemie begann im Jahr 2019.
35%
Airbus produziert nach wie vor das größte Passagierflugzeug der Welt in der Geschichte.
31%
Friedrich Merz besitzt ein Privatflugzeug und fliegt es selbst.
24%
Keine übereinstimmenden Quizze gefunden
Verteilung der Resultate
Anzahl Personen mit jedem Resultat
Perzentil nach korrekt beantworteten Fragen
Ihre Resultats-Entwicklung
Sie haben dieses Quiz noch nicht gespielt